000 00701nam a2200181Ia 4500
008 090124s9999 xx 000 0 und d
082 _b120497
100 _aबेडेकर विश्राम
245 _a एक झाड आणि दोन पक्षी ( आत्मचरित्र )
250 _a1
260 _c1984
300 _a315+2
600 _aबेडेकर विश्राम
630 _a एक झाड आणि दोन पक्षी ( आत्मचरित्र )
700 _aबेडेकर विश्राम
730 _a एक झाड आणि दोन पक्षी ( आत्मचरित्र )
942 _cBOOK
999 _c166583
_d166583